Millicent Mint : (Record no. 6134)

MARC details
000 -LEADER
fixed length control field 00966nam a22002657a 4500
001 - CONTROL NUMBER
control field 6134
003 - CONTROL NUMBER IDENTIFIER
control field FISKH
005 - DATE AND TIME OF LATEST TRANSACTION
control field 20250318104836.0
008 - FIXED-LENGTH DATA ELEMENTS--GENERAL INFORMATION
fixed length control field 250318b cb ||||| |||| 00| 0 eng d
020 ## - INTERNATIONAL STANDARD BOOK NUMBER
International Standard Book Number 9780439425209
040 ## - CATALOGING SOURCE
Original cataloging agency FISKH
Language of cataloging eng
Transcribing agency FISKH
Modifying agency FISKH
050 ## - LIBRARY OF CONGRESS CALL NUMBER
Classification number PZ7.Y3638 M
082 ## - DEWEY DECIMAL CLASSIFICATION NUMBER
Classification number 813.6
100 ## - MAIN ENTRY--PERSONAL NAME
Personal name Yee, Lisa
245 ## - TITLE STATEMENT
Title Millicent Mint :
Remainder of title Girl genius /
Statement of responsibility, etc. by Lisa Yee
250 ## - EDITION STATEMENT
Edition statement First paperback printing, January 2004
260 ## - PUBLICATION, DISTRIBUTION, ETC.
Place of publication, distribution, etc. New York :
Name of publisher, distributor, etc. Scholastic ;
Date of publication, distribution, etc. 2003.
300 ## - PHYSICAL DESCRIPTION
Extent 148 pages :
Other physical details illustrations ;
Dimensions 20 cm .
490 ## - SERIES STATEMENT
Series statement Milicent Min
Volume/sequential designation Book 1
520 ## - SUMMARY, ETC.
Summary, etc. In a series of journal entries, eleven-year-old child prodigy Millicent Min records her struggles to learn to play volleyball, tutor her enemy, deal with her grandmother's departure, and make friends over the course of a tumultuous summer.
650 ## - SUBJECT ADDED ENTRY--TOPICAL TERM
Topical term or geographic name entry element volleyball
Form subdivision Fiction
700 ## - ADDED ENTRY--PERSONAL NAME
Personal name Parisi, Elizabeth
Relator term Designer
942 ## - ADDED ENTRY ELEMENTS (KOHA)
Source of classification or shelving scheme Dewey Decimal Classification
Koha item type Books
Suppress in OPAC No
Holdings
Withdrawn status Lost status Source of classification or shelving scheme Damaged status Not for loan Collection Home library Current library Shelving location Date acquired Total Checkouts Full call number Barcode Date last seen Date last checked out Price effective from Koha item type
    Dewey Decimal Classification     Fiction Footprints International School Library Network Toul Tom Poung Campus Footprints International School Library Network Toul Kork Campus TTP Secondary Fiction Bookshelves 03/18/2025 1 YEE 813.6 PZ7.Y3638 M FISSE00384 12/19/2025 12/01/2025 03/18/2025 Books